30_和歌山県の市町村(ひらがな対応・五十音順) - Statistics

General Stats
  • This quiz has been taken 45 times
  • The average score is 25 of 30
Answer Stats
種類 市町村名 % Correct
和歌山市
100%
白浜町
96%
有田市
92%
海南市
92%
紀の川市
92%
新宮市
92%
田辺市
92%
有田川町
88%
高野町
88%
御坊市
88%
橋本市
88%
かつらぎ町
85%
串本町
85%
九度山町
85%
すさみ町
85%
太地町
85%
日高川町
85%
日高町
85%
岩出市
81%
北山村
81%
那智勝浦町
81%
紀美野町
77%
古座川町
73%
印南町
69%
上富田町
69%
みなべ町
69%
由良町
69%
美浜町
62%
湯浅町
62%
広川町
58%
No matching quizzes found
Score Distribution
Percent of People with Each Score
Percentile by Number Answered
Your Score History
You have not taken this quiz